000 00570cam a22002291 4500
001 sa 67001098
003 DLC
005 20260227112319.0
008 890609s1965 ii 000 0 gujo
010 _asa 67001098
035 _a(OCoLC)19844196
040 _aDLC
_cWaU
_dDLC
042 _apremarc
050 0 0 _aPK1856
_b.D3
100 1 _aDalāla, Sureśa Purushottamadāsa,
_d1932-2012.
245 1 0 _aNajaruṃ lāge.
260 _c[1965]
300 _a322 p.
_c19 cm.
500 _aIn Gujarati.
650 0 _aGujarati poetry.
700 1 _aMalji, Bhal,
_d1921-
999 _c72378
_d72378